| 000 | 00525nam a2200181Ia 4500 | ||
|---|---|---|---|
| 008 | 100920s9999 xx 000 0 und d | ||
| 082 |
_b79879 _a150 न 01 |
||
| 100 | _aमराठे रमा. | ||
| 245 | _aहसत जगावं. | ||
| 260 |
_bमेहता पब्लिशिंग हाऊस. _c2001 |
||
| 300 |
_a136 _bसाधी |
||
| 365 | _b100 | ||
| 520 | _aशाउ. | ||
| 630 | _aहसत जगावं. | ||
| 650 | _aशाउ. | ||
| 730 | _aहसत जगावं. | ||
| 942 | _cBOOK | ||
| 999 |
_c720842 _d720839 |
||